01629nam a22003497a 4500003000400000005001700004008004100021040002200062082001800084100003000102245003000132260006000162300002100222366000800243490003100251505008100282505030700363505001400670505001200684505001100696650006000707650005200767650005300819650004300872650004500915650005600960650004701016700003601063942002901099999001501128952013601143OSt20230621085457.0221006b |||||||| |||| 00| 0 eng d cBiblioteca Lado V a709.05bG851a 9855aGriffin, Timeeditor aArtforum/bInternacional/ aNew Yorkc1993bNew York editorial and business offices c26.5x27cma122p. espa aDiciembrev1993x0864-1315 tCOLUMNSaAll-Around Esthetes Books Ecoculture Performance Real life Rock tFEATURESgIt's Been Nice Gnawing you It's a Wound-erful Life Inexorable Dissolve: James Coleman Blindsides Art Narratives of No Return: James Coleman's guaiRE Critical Reflections Tabboo! The Art of Stephen Tashjian First House Attitude is Everything and Everythind Hurts Openings: Bob Flanagan tBOOKFORUM tREVIEWS tLETTER 2Tesauro de Arte & ArquitecturaaARTE COMTEMPORANEO9703 2Tesauro de Arte & ArquitecturaaFOTOGRAFIA9702 2Tesauro de Arte & ArquitecturaaARTE VISUAL9702 2Tesauro de Arte & ArquitecturaaLIBROS 2Tesauro de Arte & ArquitecturaaNOTICIAS 2 Tesauro de Arte & ArquitecturaaARTE INTERNACIONAL 2 Tesauro de Arte & ArquitecturaaESCULTURA aNavarreta, Jose Antonioeeditor 2ddcc1h709.05iG851an0 c3881d3881 00102ddc3199340708RevistasaLVbLVd2023-06-21hDiciembrei002497l0o709.05 G851ap002497r2023-06-21 00:00:00w2023-06-21y1